000
00337nam a2200133Ia 4500
008
150201s2014 xx 000 0 und d
082
_a
617.645
_b
P2011M
100
_a
MUTHU, M.S.
245
_a
PEDIATRIC DENTISTRY :PRINCIPLES & PRACTICE
250
_a
2ND
260
_b
ELSEVIER PUBLICATION
650
_a
PEDODONTICS
942
_2
ddc
_c
BK
_0
6
999
_c
4831
_d
4831